| 000 | 03092cjm a2200625 a 4500 | ||
|---|---|---|---|
| 001 | data | ||
| 005 | 20260322212123.0 | ||
| 007 | data | ||
| 008 | data | ||
| 035 | _a20506554 | ||
| 906 |
_a7 _bcbc _ccopycat _d2 _encip _f20 _gy-soundrec |
||
| 925 | 0 |
_aacquire _b2 shelf copies _xpolicy default |
|
| 010 | _a 2018620434 | ||
| 024 | 1 | _a791558198423 | |
| 028 | 0 | 0 |
_a7915581984-2 _bSh-K-Boom Records _q(label) |
| 028 | 0 | 0 |
_a1984-2 _bSh-K-Boom Records _q(container spine) |
| 033 | 0 | 0 |
_a20040523 _b3804 _cN4 |
| 035 | _a(OCoLC)61285748 | ||
| 040 |
_aFQG _beng _cFQG _dDLC _dBTCTA _dOCLCA _dOCLCQ _dS9I _dOCLCF _dOCLCO _dNEO _dOCLCQ _dTYC _dOCL _dDLC |
||
| 042 | _alccopycat | ||
| 050 | 0 | 0 | _aSDC 98554 |
| 082 | 0 | 4 |
_a782.14 _bG623br |
| 100 | 1 |
_aGoodman, Paul Scott, _d1957- |
|
| 245 | 1 | 0 |
_aBright lights, big city / _c[music and lyrics by Paul Scott Goodman ; based on a novel by Jay McInerney]. |
| 260 |
_aNew York, NY : _bSh-K-Boom Records, _c℗2005. |
||
| 300 |
_a1 audio disc (76 min., 39 sec.) : _bdigital ; _c4 3/4 in. |
||
| 306 | _a011639 | ||
| 336 |
_aperformed music _bprm _2rdacontent |
||
| 337 |
_aaudio _bs _2rdamedia |
||
| 338 |
_aaudio disc _bsd _2rdacarrier |
||
| 500 | _aSh-K-Boom Records: 7915581984-2 (on container spine: 1984-2). | ||
| 500 | _aCompact disc. | ||
| 500 | _a"Parental advisory, explicit content"--Container. | ||
| 500 | _aLibretto ([24] p. : ports.) inserted in container. | ||
| 505 | 0 | 0 |
_tWordfall. _tBack in the city -- _tSunday morning 6 a.m. -- _tComa baby -- _tFact and fiction -- _tI hate the French -- _tBrother -- _tI hate the French _g(reprise) -- _tOdeon -- _tHappy birthday, darling -- _tMissing -- _tTo model -- _tSo many little things -- _tBack in the city 2 -- _tKindness -- _tPerfect feeling -- _tBright lights, big city 2 -- _tYou couldn't handle it, Jamie -- _tMy son -- _tWednesday -- _tCamera wall -- _tHeart and soul -- _tBrother 2 -- _tMummies at the Met -- _tAre you still holding my hand? -- _tBrother 3 -- _tMonstrous events -- _tStay in my life -- _tWordfall. |
| 511 | 0 | _aPatrick Wilson, Jesse L. Martin, Sharon Leal, Sherie Rene Scott, Gavin Creel, Christine Ebersole, Ann Marie Milazzo, Eden Espinosa, Celia Keenan-Bolger, Everett Bradley ; with supporting vocalists; chorus; instrumental ensemble; Roger Butterley, conductor, guitar, keyboards, and arrangements. | |
| 518 | _aRecorded principally at the Hit Factory, New York, May 23, 2004. | ||
| 650 | 0 | _aMusicals. | |
| 650 | 7 |
_aMusicals. _2fast _0(OCoLC)fst01030814 |
|
| 655 | 7 |
_aMusicals. _2fast _0(OCoLC)fst01726680 |
|
| 655 | 7 |
_aMusicals. _2lcgft |
|
| 700 | 1 |
_aWilson, Patrick, _d1973- _4sng |
|
| 700 | 1 |
_aMartin, Jesse L. _4sng |
|
| 700 | 1 |
_aLeal, Sharon. _4sng |
|
| 700 | 1 |
_aScott, Sherie Rene, _d1969- _4sng |
|
| 700 | 1 |
_aCreel, Gavin. _4sng |
|
| 700 | 1 |
_aEbersole, Christine. _4sng |
|
| 700 | 1 |
_aMilazzo, Ann Marie. _4sng |
|
| 700 | 1 |
_aEspinosa, Eden. _4sng |
|
| 700 | 1 |
_aKeenan-Bolger, Celia. _4sng |
|
| 700 | 1 |
_aBradley, Everett. _4sng |
|
| 700 | 1 |
_aButterley, Roger. _4arr _4itr _4arr |
|
| 700 | 1 |
_aMcInerney, Jay. _tBright lights, big city. |
|
| 999 |
_c1892 _d1892 |
||